000
00494nam a2200133Ia 4500
008
100328s9999 xx 000 0 und d
082
_b
72737
100
_a
सोनवणी संजय.
245
_a
हिंदू धर्माचे शैव रहस्य
260
_b
भारत बुक हाऊस
630
_a
हिंदू धर्माचे शैव रहस्य
730
_a
हिंदू धर्माचे शैव रहस्य
942
_c
BOOK
999
_c
558458
_d
558455